[Event "Challenge"]
[Site "http://www.queenalice.com/game.php?id=632504"]
[Date "2009.8.7"]
[Round "-"]
[White "superpato"]
[Black "backwardsjoe40"]
[Result "1-0"]
[WhiteElo "2048"]
[BlackElo "1015"]

1. e4 e5 2. Nf3 Nc6 3. Bc4 Nf6 4. Ng5 d5 5. exd5 Na5 6. Bb5+ c6 7. dxc6 bxc6 8.
Ba4 h6 9. Nf3 e4 10. Nd4 Qc7 11. d3 1-0

[Event "AUTO-OPEN-1599"]
[Site "http://www.queenalice.com/game.php?id=674542"]
[Date "2009.10.29"]
[Round "2"]
[White "superpato"]
[Black "Svolo"]
[Result "1-0"]
[WhiteElo "2071"]
[BlackElo "1855"]

1. e4 e5 2. Nf3 d6 3. d4 exd4 4. Nxd4 g6 5. Bc4 Qe7 6. O-O Be6 7. Bxe6 fxe6 8.
Nc3 e5 9. Nd5 Qd7 10. Ne6 Na6 11. Nxf8 Kxf8 12. Qf3+ Kg7 13. Be3 Rf8 14. Qe2 Nc5
15. f3 c6 16. Nb4 a5 17. Nd3 Nxd3 18. Qxd3 Nf6 19. Qd2 Ra8 20. Rfd1 Ne8 21. Bb6
h5 22. Bxa5 b5 23. Bc3 Qe6 24. b3 c5 25. f4 b4 26. Bb2 Ra6 27. fxe5 dxe5 28. Qg5
Kh7 29. Bxe5 Rf8 30. Bf4 Ra7 31. Be3 Qxe4 32. Qh6+ Kg8 33. Bxc5 Raf7 34. Bxf8
Rxf8 35. Rf1 Nf6 36. Rae1 Qxc2 37. Qg5 Qc3 38. Qxg6+ Kh8 39. Kh1 Nd7 40. Qxh5+
Kg8 41. Qd5+ Kh8 42. Qxd7 Rc8 43. Re8+ Rxe8 44. Qxe8+ Kh7 45. Qh5+ Kg8 46. Qg6+
Qg7 47. Qxg7+ Kxg7 48. h4 Kg6 49. Kh2 Kh5 50. Kh3 Kg6 51. g4 Kh6 52. g5+ Kh5 53.
Rg1 Kg6 54. Kg4 1-0

[Event "AUTO-OPEN-1599"]
[Site "http://www.queenalice.com/game.php?id=674543"]
[Date "2009.10.29"]
[Round "2"]
[White "Svolo"]
[Black "superpato"]
[Result "0-1"]
[WhiteElo "1769"]
[BlackElo "2053"]

1. e4 e5 2. Nf3 d6 3. h3 Nf6 4. Nc3 Be7 5. Bc4 h6 6. Nd5 Nxd5 7. Bxd5 c6 8. Bc4
O-O 9. b4 d5 10. exd5 cxd5 11. Bb3 Bxb4 12. Nxe5 Re8 13. Qh5 Qf6 14. Bb2 Nc6 15.
O-O-O Nxe5 16. Rhe1 Bd6 17. Bxd5 Be6 18. Rxe5 Bxe5 19. Bxe5 Qe7 20. Bxe6 Qxe6
21. d4 Qxa2 22. Qg4 g6 23. Qf4 Rac8 24. Kd2 Rxc2+ 25. Ke1 Re2+ 26. Kf1 Qc2 27.
Re1 Rxe1+ 28. Kxe1 Qc3+ 29. Ke2 h5 30. h4 Qc2+ 31. Kf3 Qd3+ 32. Qe3 Qxe3+ 33.
fxe3 Re6 34. g4 hxg4+ 35. Kxg4 a5 36. Kf4 a4 37. Ke4 a3 38. d5 Rxe5+ 39. Kxe5 a2
40. d6 a1=Q+ 41. Kf4 Qf6+ 0-1

[Event "AUTO-OPEN-1599"]
[Site "http://www.queenalice.com/game.php?id=674544"]
[Date "2009.10.29"]
[Round "2"]
[White "superpato"]
[Black "Evandrobit"]
[Result "0-1"]
[WhiteElo "2058"]
[BlackElo "2330"]

1. e4 e5 2. Nf3 Nc6 3. Bb5 a6 4. Ba4 Nf6 5. d3 b5 6. Bb3 Bc5 7. O-O O-O 8. c3 h6
9. h3 d6 10. Re1 Re8 11. d4 exd4 12. cxd4 Bb4 13. Bd2 Bxd2 14. Nbxd2 Bb7 15. d5
Ne5 16. Bc2 Nxf3+ 17. Nxf3 c6 18. dxc6 Bxc6 19. Nd2 Rc8 20. f3 Nh5 21. Nf1 Qg5
22. Qxd6 Nf4 23. g4 Nxh3+ 24. Kg2 Nf4+ 25. Kg3 h5 26. Ne3 Red8 27. Qa3 Rd2 28.
Qxa6 h4# 0-1

[Event "AUTO-OPEN-1599"]
[Site "http://www.queenalice.com/game.php?id=674545"]
[Date "2009.10.29"]
[Round "2"]
[White "Evandrobit"]
[Black "superpato"]
[Result "1-0"]
[WhiteElo "2342"]
[BlackElo "2076"]

1. d4 Nc6 2. Nf3 d5 3. e3 Bg4 4. c3 Nf6 5. Nbd2 e5 6. dxe5 Nxe5 7. Qa4+ Bd7 8.
Qb3 Nxf3+ 9. Nxf3 Bc6 10. Nd4 Be7 11. Nxc6 bxc6 12. Qa4 Qd7 13. c4 O-O 14. cxd5
cxd5 15. Qxd7 Nxd7 16. Bd2 Bf6 17. Rc1 Bxb2 18. Rxc7 Nf6 19. Bd3 h6 20. O-O Be5
21. Rc6 Rfe8 22. Rb1 Rab8 23. Rxb8 Rxb8 24. f4 Bb2 25. Rc7 Ra8 26. Kf2 Ng4+ 27.
Kf3 h5 28. h3 Nf6 29. Rb7 Ba3 30. Bc3 Ne8 31. Rd7 Bd6 32. Ba6 Kf8 33. Bb7 1-0

[Event "AUTO-ADV-1377"]
[Site "http://www.queenalice.com/game.php?id=683882"]
[Date "2009.11.15"]
[Round "2"]
[White "superpato"]
[Black "Champignac"]
[Result "1-0"]
[WhiteElo "2058"]
[BlackElo "1887"]

1. e4 d5 2. e5 d4 3. c3 d3 4. Nf3 Bg4 5. h3 Bf5 6. Nd4 Bg6 7. Qf3 c6 8. Bxd3 e6
9. Bxg6 hxg6 10. d3 Nd7 11. Qe2 Rh5 12. Nf3 Ne7 13. d4 Qb6 14. O-O O-O-O 15.
Nbd2 Nd5 16. Nc4 Qc7 17. Ng5 N7b6 18. Nxb6+ Qxb6 19. Nxf7 Rd7 20. Ng5 Be7 21.
Nxe6 Bh4 22. g3 Be7 23. h4 Bxh4 24. gxh4 Rxh4 25. Qf3 Rh8 26. Qg4 Kb8 27. Qxg6
a5 28. Re1 Ka7 29. Nc5 Rh6 30. Bxh6 Re7 31. Bg5 Rc7 32. Bd8 1-0

[Event "AUTO-ADV-1377"]
[Site "http://www.queenalice.com/game.php?id=683883"]
[Date "2009.11.15"]
[Round "2"]
[White "Champignac"]
[Black "superpato"]
[Result "0-1"]
[WhiteElo "1882"]
[BlackElo "2067"]

1. e4 e5 2. f4 exf4 3. Nf3 Nf6 4. Bc4 c6 5. d3 d5 6. exd5 cxd5 7. Bb3 Bd6 8. O-O
O-O 9. Nc3 Be6 10. Qe1 Re8 11. Ne2 Bd7 12. Qf2 Nc6 13. Nxf4 Ng4 14. Qh4 Bc5+ 15.
Kh1 Qxh4 16. Nxh4 Nf2+ 17. Kg1 Nxd3+ 18. Kh1 Nxf4 19. Bxf4 Be6 20. Rad1 Rad8 21.
c3 h6 22. Nf3 Ne7 23. Nd4 Bg4 24. Rd3 Bxd4 25. Rxd4 Be6 26. Ba4 Nc6 27. Rd3 a6
28. Rg3 Kh8 29. b4 b5 30. Bb3 g5 31. Bxg5 hxg5 32. Rxg5 Ne7 33. Bc2 Rg8 34. h4
Rxg5 35. hxg5 Rg8 36. Rf4 Rxg5 37. Rh4+ Kg8 38. a4 bxa4 39. Bxa4 Rg3 40. Bc2
Rxc3 41. Bh7+ Kg7 42. Kh2 Rc4 43. Rh5 Rxb4 0-1

[Event "AUTO-OPEN-1395"]
[Site "http://www.queenalice.com/game.php?id=754401"]
[Date "2010.3.31"]
[Round "3"]
[White "whyBish"]
[Black "superpato"]
[Result "1-0"]
[WhiteElo "2087"]
[BlackElo "2117"]

1. e4 e5 2. Nf3 d6 3. c3 Nf6 4. Bd3 Be7 5. Bc2 O-O 6. d4 exd4 7. cxd4 Re8 8. O-O
Bf8 9. Nc3 g6 10. Bg5 Bg7 11. Qd2 Bg4 12. h3 Bxf3 13. gxf3 Qc8 14. Kg2 Nbd7 15.
Rh1 Nh5 16. Rag1 Bf6 17. f4 Bxg5 18. fxg5 Nb6 19. f4 Nc4 20. Qc1 c6 21. b3 Nb6
22. f5 gxf5 23. exf5 Ng7 24. g6 Nxf5 25. gxf7+ 1-0

[Event "AUTO-OPEN-1395"]
[Site "http://www.queenalice.com/game.php?id=754402"]
[Date "2010.3.31"]
[Round "3"]
[White "superpato"]
[Black "whyBish"]
[Result "0-1"]
[WhiteElo "2105"]
[BlackElo "2014"]

1. e4 c5 2. Nf3 g6 3. Bc4 Bg7 4. O-O Nc6 5. c3 d6 6. h3 Nf6 7. d3 a6 8. Re1 Na5
9. Bb3 Nxb3 10. Qxb3 Be6 11. Qxb7 Qc8 12. Qxc8+ Rxc8 13. Ng5 Bd7 14. Nd2 h6 15.
Ngf3 Bc6 16. Nc4 O-O 17. Nh2 Kh7 18. f4 Bb5 19. e5 dxe5 20. Nxe5 Nh5 21. c4 Be8
22. Nef3 Rc7 23. g4 Nf6 24. Rb1 a5 25. b3 Bc6 26. Be3 Ng8 27. Nh4 Bb7 28. Bd2
Ra8 29. a4 Rd7 30. Be3 Bd4 31. Ng2 Rad8 32. Rbd1 Bc3 33. Re2 Bb4 34. Ne1 Be4 35.
Bd2 Bxd3 36. Nxd3 Rxd3 37. Nf1 Rxh3 38. Rb1 Bxd2 39. Nxd2 Nf6 40. Rg2 Rd4 41. g5
Ne4 42. Nxe4 Rxe4 43. gxh6 Rxf4 44. Rh2 Rxh2 45. Kxh2 Rd4 46. Re1 Rd7 47. Re5
Rc7 48. Kg3 Kxh6 0-1

[Event "AUTO-OPEN-1641"]
[Site "http://www.queenalice.com/game.php?id=767487"]
[Date "2010.4.28"]
[Round "2"]
[White "superpato"]
[Black "FPM"]
[Result "1-0"]
[WhiteElo "2097"]
[BlackElo "1944"]

1. e4 e5 2. Nf3 Nf6 3. Nc3 Nc6 4. Bc4 Bc5 5. O-O O-O 6. d3 h6 7. a3 d6 8. h3 Nd4
9. Nxd4 Bxd4 10. Ne2 Bb6 11. c3 Kh8 12. Ng3 d5 13. exd5 Nxd5 14. Re1 Re8 15. Qf3
c6 16. Be3 Be6 17. Bxb6 Qxb6 18. Rab1 Rad8 19. Bxd5 Bxd5 20. Qe2 Qc7 21. c4 Be6
22. Rbd1 b5 23. cxb5 cxb5 24. Qxe5 Qxe5 25. Rxe5 a6 26. b4 Rc8 27. d4 Red8 28.
Ne2 Rc2 29. Re3 Bc4 30. Ng3 Be6 31. Ne4 Rc4 32. Red3 Bf5 33. f3 Rc6 34. d5 Rg6
35. Kh1 Rb6 36. g4 Bh7 37. Rd4 f5 38. Nc5 Rdd6 39. Kg2 fxg4 40. hxg4 Rb8 41. Kg3
Rc8 42. f4 Bg8 43. f5 Kh7 44. Ne4 Rd7 45. f6 g6 46. d6 Rc4 47. Nc5 Rxd4 48. Rxd4
Rd8 49. d7 Bc4 50. Nb7 1-0

[Event "AUTO-OPEN-1641"]
[Site "http://www.queenalice.com/game.php?id=767488"]
[Date "2010.4.28"]
[Round "2"]
[White "FPM"]
[Black "superpato"]
[Result "0-1"]
[WhiteElo "1965"]
[BlackElo "2086"]

1. Nf3 d5 2. d4 Nf6 3. Bf4 e6 4. e3 Be7 5. c4 c6 6. c5 b6 7. b4 bxc5 8. bxc5 O-O
9. Bd3 h6 10. O-O Re8 11. Nbd2 Ba6 12. Nb3 Bxd3 13. Qxd3 Nbd7 14. Rab1 Nh5 15.
Be5 f6 16. Bg3 Nxg3 17. hxg3 e5 18. Qc2 e4 19. Nfd2 f5 20. f3 Qc8 21. Rf2 Nf6
22. Kf1 Nh5 23. g4 fxg4 24. fxe4 Ng3+ 25. Ke1 dxe4 26. Nxe4 Nxe4 27. Qxe4 Bh4
28. Qf4 Bxf2+ 29. Qxf2 Qe6 30. Kd2 Rf8 31. Qg3 Qf5 32. Re1 Qf2+ 33. Qxf2 Rxf2+
34. Re2 g3 35. Ke1 Raf8 36. Na5 R8f6 37. Rxf2 gxf2+ 38. Kf1 g5 39. Nb7 g4 40.
Nd6 g3 41. Ne4 Rg6 42. Nd2 Kf7 43. Ke2 h5 44. Nf3 Rf6 45. Kf1 Rxf3 46. gxf3 h4
47. d5 cxd5 0-1

[Event "AUTO-OPEN-1641"]
[Site "http://www.queenalice.com/game.php?id=767489"]
[Date "2010.4.28"]
[Round "2"]
[White "superpato"]
[Black "MHRangel"]
[Result "1-0"]
[WhiteElo "2079"]
[BlackElo "1857"]

1. e4 c5 2. Nf3 Nc6 3. d4 cxd4 4. Nxd4 g6 5. c3 Bg7 6. Be3 Nf6 7. Bd3 O-O 8. O-O
e5 9. Nxc6 bxc6 10. Nd2 d5 11. exd5 cxd5 12. Re1 e4 13. Bc2 Nd7 14. f3 exf3 15.
Nxf3 Ne5 16. Nxe5 Bxe5 17. Bh6 Bg7 18. Bxg7 Kxg7 19. b3 Be6 20. Qd4+ f6 21. Rxe6
a5 22. Rae1 Kg8 23. c4 Qc7 24. Qxd5 Qa7+ 25. Kh1 Rad8 26. Rd6+ Qf7 27. Rxd8 Qxd5
28. Rxf8+ 1-0

[Event "AUTO-OPEN-1641"]
[Site "http://www.queenalice.com/game.php?id=767490"]
[Date "2010.4.28"]
[Round "2"]
[White "MHRangel"]
[Black "superpato"]
[Result "1-0"]
[WhiteElo "1830"]
[BlackElo "2104"]

1. d4 d5 2. c4 c6 3. Nf3 Nf6 4. Bg5 e6 5. e3 h6 6. Bf4 Bb4+ 7. Nbd2 O-O 8. a3
Bxd2+ 9. Qxd2 dxc4 10. Bxc4 b5 11. Bd3 Nbd7 12. b4 Nd5 13. Bd6 Re8 14. Ne5 Nxe5
15. dxe5 Bb7 16. O-O Nb6 17. Qc2 Nc8 18. f4 Nxd6 19. Bh7+ Kh8 20. exd6 g6 21.
Bxg6 fxg6 22. Qxg6 Qxd6 23. Qxh6+ Kg8 24. f5 Qe7 25. f6 Qf7 26. Rf3 Qh7 27. f7+
1-0

[Event "AUTO-OPEN-1642"]
[Site "http://www.queenalice.com/game.php?id=812659"]
[Date "2010.8.3"]
[Round "3"]
[White "lfcanales"]
[Black "superpato"]
[Result "1-0"]
[WhiteElo "2023"]
[BlackElo "2087"]

1. e4 e5 2. Nf3 d6 3. h3 Nf6 4. Nc3 g6 5. Bc4 Bg7 6. d3 O-O 7. O-O c6 8. Bg5 a5
9. a3 Re8 10. Qd2 Be6 11. b3 Bd7 12. d4 b5 13. Be2 exd4 14. Nxd4 Na6 15. Qf4 Qe7
16. Bf3 Nc5 17. b4 Ne6 18. Nxe6 Qxe6 19. Rad1 1-0

[Event "AUTO-OPEN-1642"]
[Site "http://www.queenalice.com/game.php?id=812660"]
[Date "2010.8.3"]
[Round "3"]
[White "superpato"]
[Black "lfcanales"]
[Result "0-1"]
[WhiteElo "2016"]
[BlackElo "2042"]

1. e4 e5 2. Nf3 Nc6 3. Bb5 Bc5 4. O-O d6 5. h3 Nf6 6. d4 exd4 7. Nxd4 Bxd4 8.
Qxd4 Bd7 9. Bxc6 Bxc6 10. Nc3 h6 11. Re1 O-O 12. f3 a6 13. Qf2 Nh5 14. Ne2 Qf6
15. Kh1 d5 16. g4 dxe4 17. gxh5 exf3 18. Ng3 Rfe8 19. Rxe8+ Rxe8 0-1